[Event "Lleida Regional-ch"]
[Site "Lleida"]
[Date "2019.11.17"]
[Round "5"]
[White "Monell Camarasa, David"]
[Black "Vendrell Lara, Gerard"]
[Result "1-0"]
[WhiteElo "2218"]
[BlackElo "1686"]
[PlyCount "59"]
[EventDate "2019.10.13"]
[EventType "swiss"]
[EventRounds "9"]
[EventCountry "ESP"]
[SourceTitle "CBM 193 Extra"]
[Source "ChessBase"]
[SourceDate "2020.01.31"]
[SourceVersion "1"]
[SourceVersionDate "2020.01.31"]
[SourceQuality "1"]

1. d4 d5 2. c4 e6 3. Nf3 Nf6 4. Nc3 Be7 5. e3 0-0 6. Bd3 Nbd7 7. 0-0 b6 8. b3 Bb7 9. Bb2 c5 10. cxd5 exd5 11. Qe2 a6 12. Rfd1 Re8 13. Rac1 Nf8 14. Na4 Ne6 15. Ne5 Nd7 16. Nxd7 Qxd7 17. Nxb6 Qc7 18. Nxa8 Rxa8 19. dxc5 Qa5 20. c6 Bc8 21. Bb1 Rb8 22. Qh5 h6 23. Rxd5 Qb4 24. Qd1 Qh4 25. g3 Qb4 26. c7 Ra8 27. Rd8+ Bf8 28. Qd3 g6 29. Qe4 Nxc7 30. Qxb4 1-0

[Event "Salou op U2300 3rd"]
[Site "Salou"]
[Date "2018.04.30"]
[Round "5"]
[White "Girona Masdeu, Jordi"]
[Black "Vendrell Lara, Gerard"]
[Result "1-0"]
[WhiteElo "1722"]
[BlackElo "1334"]
[PlyCount "61"]
[EventDate "2018.04.28"]
[EventType "swiss"]
[EventRounds "7"]
[EventCountry "ESP"]
[SourceTitle "CBM 184 Extra"]
[Source "ChessBase"]
[SourceDate "2018.06.28"]
[SourceVersion "1"]
[SourceVersionDate "2018.06.28"]
[SourceQuality "1"]

1. e4 d5 2. exd5 Qxd5 3. Nc3 Qa5 4. d4 Nf6 5. Nf3 Bg4 6. Qd3 c6 7. Be2 Nbd7 8. 0-0 e6 9. Re1 Bb4 10. a3 Bxc3 11. bxc3 0-0 12. Bd2 Qc7 13. c4 Rfd8 14. Qe3 Nb6 15. Ba5 Rd7 16. Ne5 Bxe2 17. Nxd7 Bxc4 18. Nxf6+ gxf6 19. Bxb6 Qxb6 20. Rab1 Qc7 21. Qh6 Ba2 22. Rb2 Qa5 23. Re3 Kh8 24. Rxa2 Qd2 25. Ra1 Qxd4 26. Rae1 Rd8 27. Rd3 Qb6 28. Qxf6+ Kg8 29. Rxd8+ Qxd8 30. Qxd8+ Kg7 31. Qg5+ 1-0